000 01112nam a2200289Ia 4500
003 OSt
005 20221005110617.0
006 a|||||r|||| 00| 0
007 ta
008 221004b |||||||| |||| 00| 0 hin d
020 _a9788126318704 (hbk)
_cINR 140.00
024 _a37479
037 _bBW/1697, 15/03/2018, Bookwell
_cTextual
040 _aCRL
_cCRL
_bhin
041 _2hin
_ahin
082 _aO152,3N34,BT, Q4
100 _aमधुकर सिंह, ले.
245 0 _aबेनीमाधो तिवारी की पतोह
246 _aBenīmādho tivārī kī patoha
260 _aनई दिल्ली
_bभारतीय ज्ञानपीठ भारत
_c2010
300 _a90पृ0
_ccm.
490 _aलोकोदय ग्रन्थमाला; ग्रन्थांक 1018
650 _a हिन्दी साहित्य
650 _aहिन्दी कहानी
942 _hO152,3N34,BT, Q4
_cTEXL
_2cc
999 _c1019339
_d1019339